Normale Ansicht MARC-Ansicht ISBD

Nezrimyj front Otečestva (Titelsatznr. 51780)

[ MARC ]
MARC-Details
000 -Satzkennung
Kontrollfeld mit fester Länge 00548nam a22001811cc4500
001 - Kontrollnummer
Kontrollfeld a987690841+Tom1
035 ## - Systemkontrollnummer
System-Kontrollnummer a987690841
008 - Feld mit fester Länge zur physischen Beschreibung - Allgemeine Angaben
Kontrollfeld mit fester Länge 181114s2017 gw a||| 000u rus d
020 ## - Internationale Standardbuchnummer
Internationale Standardbuchnummer 9785990947566
Verknüpfung 978-5-9909475-6-6
040 ## - Katalogisierungsquelle
Übertragungsstelle RU-10907106
003 - Kontrollnummer Identifier
Kontrollfeld RU-10907106
245 00 - Titel
Titel Nezrimyj front Otečestva
Zählung des Teils/der Abteilung eines Werkes Tom 1
264 ## - Produktion, Veröffentlichung, Distribution, Herstellung und Urheberrechtsvermerk
Herstellungs-, Veröffentlichungs- Vertriebs-, Erzeugungsort Sankt-Peterburg :
Produzent, Herausgeber, Distributor, Hersteller Liki Rossii ,
Datum der Herstellung, der Veröffentlichung, des Vertriebs oder des Urheberschutzvermerks 2017
246 12 - Titelvarianten
Hauptsachtitel/Kurztitel Nezrimyj front Otečestva : 1917-2017 ; [jubilejnyj sbornik]
Zählung des Teils/der Abteilung eines Werkes Tom 1
300 ## - Physische Beschreibung
Umfang 609 Seiten : Illustrationen
773 08 - Übergeordnete Einheit
Datensatzkontrollnummer a987690841
Zählung und erste Seite Tom1
942 ## - Zusätzliche Felder (Koha)
Koha-Medientyp Monographien
Exemplare
Ausgeschieden Verloren Klassifikation oder Aufstellungssystematik Beschädigt Nicht entleihbar Heimatbibliothek Aufenthaltsbibliothek Aufstellungsort Erwerbungsdatum Inventarnummer Signatur Barcode Letzte Aktivität Preis gültig von Koha-Medientyp
    Andere/Generische Klassifikation     MWN Osteuropa MWN Osteuropa Magazin - 2 14/11/2018 18-02374 R 60 hd Rac 1 (1) E004015078FB81A7 23/04/2020 22/03/2021 Monographien